| 000 | 00511nam a2200169 a 4500 | ||
|---|---|---|---|
| 001 | 000043416 | ||
| 005 | 20201002040908.0 | ||
| 008 | 140314s1983 ag 000 0 spa d | ||
| 020 | _a9509561042 | ||
| 040 |
_aDO-SdBNP _bspa _cBNPHU |
||
| 082 |
_axxxxxx _bxxxxxx |
||
| 100 | 1 |
_aKon, Daniel _971079 |
|
| 245 | 1 | 4 |
_aLos Chicos de la Guerra : _bhablan los soldados que estuvieron en Malvinas / _cDaniel Kon. |
| 250 | _a11a ed. | ||
| 260 |
_aBuenos Aires, Argentina, : _bGalerna, _c1983. |
||
| 300 |
_a222 p. ; _c20 cm. |
||
| 999 |
_c42905 _d42905 |
||